Encanto Songs Quiz - Statistics

General Stats
  • This quiz has been taken 652 times
  • The average score is 5 of 7
Answer Stats
Song Name % Correct
We Don't Talk About Bruno
97%
The Family Madrigal
89%
Surface Pressure
87%
What Else Can I Do?
82%
Waiting on a Miracle
78%
All of You
64%
Dos Oruguitas
47%
No matching quizzes found
Score Distribution
Percent of People with Each Score
Percentile by Number Answered
Your Score History
You have not taken this quiz